Регионална библиотека "Любен Каравелов" - Русе

Приказен свят (Запис номер 140910)

MARC детайли
000 -Лидер
Контролно поле с фиксирана дължина 01553nam a2200337 c 4500
003 - Код на организацията, давaща контролен номер
Контролно поле BLK
005 - Дата и час на последна редакция
Контролно поле 20240710005454.0
008 - Елементи от данни с фиксирана дължина
fixed length control field 180409b bul|||||r ||||||| ||bul||
010 ## - Наследен системен номер
LC control number KNG00146979000
040 ## - Източник на каталожния запис
Идентификатор на билиотеката - собственик на записа BLK
041 ## - Код за език
Код за езика на текст/звукозапис или на отделно заглавие Български
Код за езика КДБФ Български
080 ## - УДК
Текстов определител УДК Българска литература
УДК код - определител по УДК 821.163.2
УДК определител -93-34
УДК - код + определител 821.163.2-93-34
080 ## - УДК
Текстов определител УДК Българска литература
УДК код - определител по УДК 821.163.2
УДК определител -93-32
УДК - код + определител 821.163.2-93-32
100 1# - Редна дума - Автор
Автор Каралийчев, Ангел Иванов
Дати, свързани с автора 1902-1972
Авторска отговорност първи автор
R(LIN) 76702
139 ## - Редно поле
Редна дума Каралийчев, Ангел Иванов
Авторски знак Карал - К 33
245 10 - Сведения за заглавието
Заглавие Приказен свят
Подзаглавни данни Сб. приказки и разкази : В 3 т.
Редно поле (дума) Ангел Иванов Каралийчев; под ред. на Симеон Стефанов Султанов; ил. Любен Христов Зидаров.
Том Т. 3
250 ## - Област на изданието
Сведения за изданието 2. изд.
257 ## - Страна на издаване
Страна на създаване/издаване България
260 ## - Област на издателските данни
-- София
Име на издателя, разпространителя и проч. Бълг. писател
Година на издаване 1982 -
300 ## - Физическа характеристика
Размери/Мащаб 25 см
380 ## - Жанр
Жанр Детска худож. лит.
700 1# - Други автори (авторска отговорност)
Лично име Султанов, Симеон Стефанов
9 (RLIN) 369067
700 ## - Други автори (авторска отговорност)
Лично име Зидаров, Любен Христов
Автороска отговорност (Описва отношението между автора и произведението) ил.
9 (RLIN) 365107
760 1# - Описание на основната серия
Редна дума на основното описание Каралийчев, Ангел Иванов
Издание 2. изд.
Място на издаване, издател и година 1982
Страници - том 245 с. : с цв. ил.
Забележка - том 1 изд. 1975. - 120 113 тир.
Заглавие Т. 3
852 ## - Местоположение
Форматна сигнатура Цб 261386
856 4# - Електронен адрес и достъп
Електронен формат pdf - файл
Път до файла /url/
856 4# - Електронен адрес и достъп
Електронен формат pdf - файл
Път до файла /url/
942 ## - АРТИКУЛИ
Вид на библиотечния материал Книги
Скрит в OPAC Не
Koha issues (borrowed), all copies 3
944 ## - СЪЗДАВАНЕ И РЕДАКЦИЯ на ЗАПИСА
Създаване/Редакция Създаване
Дата на регистрацията/редакция 23.07.2013
Статус, дата на статуса CRON CRON
Служител, извършил регистрацията/редакцията
944 ## - СЪЗДАВАНЕ И РЕДАКЦИЯ на ЗАПИСА
Създаване/Редакция Редакция
Дата на регистрацията/редакция 21.09.2017
Статус, дата на статуса 23.07.2013 - от С1,Р / 23.07.2013
Служител, извършил регистрацията/редакцията Севдалина_Василева
999 ## - СИСТЕМНИ КОНТРОЛНИ НОМЕРА
Koha biblionumber 140910
Koha biblioitemnumber 140910
Наличности
Код за отписване Код за изгубен артикул Източник на класификационната схема Код за повреда Коз за рестрикции Код за отдаване Артикулен № Име на библиотеката - собственик Име на библиотеката, в която се намира в момента Статус (Текущо местоположение) Дата на вписване в системата Местоположение - отдел Цена в лева Инвентарен номер Систематично азбучна сигнатура Баркод Номер на екземпляра Цена в евро Служебна бележка Служебен тип на артикула Бележка за публиката
  Не е изгубен Universal Decimal Classification Не е повреден без рестрикции ползва се в читалня 231551 Регионална библиотека "Любен Каравелов" Русе Регионална библиотека "Любен Каравелов" Русе Хранилище 1982-01-01 Хранилище 2.40 371757 Цб 261386 120000371757 1 1.23 Вид: Сф N: стар фонд Дата: 01.01.1982 Книги  
Изтеглен Не е изгубен   Не е повреден без рестрикции заемане за дома 231552 Регионална библиотека "Любен Каравелов" Русе Регионална библиотека "Любен Каравелов" Русе   1982-01-01 Детски отдел 2.40 371470 ДХ 886.7/К 33 371470 2 1.23 Вид: Сф N: стар фонд Дата: 01.01.1982 Дата инв: 23.09.2015 Бележки инв: Д2015 Книги Отч.N: 39/2017 , Дата: 07.09.2017
  Не е изгубен Universal Decimal Classification Не е повреден без рестрикции заемане за дома 231553 Регионална библиотека "Любен Каравелов" Русе Регионална библиотека "Любен Каравелов" Русе Детски отдел 1982-01-01 Детски отдел 2.40 371471 ДХ 886.7/К 33 120000371471 3 1.23 Вид: Сф N: стар фонд Дата: 01.01.1982 Дата инв: 26.08.2015 Бележки инв: Д2015 Книги  
  Не е изгубен Universal Decimal Classification Не е повреден без рестрикции заемане за дома 231554 Регионална библиотека "Любен Каравелов" Русе Регионална библиотека "Любен Каравелов" Русе Детски отдел 1982-01-01 Детски отдел 2.40 371472 ДХ 886.7/К 33 120000371472 4 1.23 Вид: Сф N: стар фонд Дата: 01.01.1982 Дата инв: 23.09.2015 Бележки инв: Д2015 Книги  
Vip Innovations Ltd, Rousse, Bulgaria 2025